| 000 | 00760nam a2200265Ia 4500 | ||
|---|---|---|---|
| 008 | 160803s9999 xx 000 0 und d | ||
| 020 | _a0 590458841 | ||
| 100 | _aMcKissack, Patricia | ||
| 245 | _aFlossie & the fox / | ||
| 245 | _cPatricia C. McKissack ; pictures by Rachel Isadora. | ||
| 260 | _aNew York : | ||
| 260 | _bScholastic Inc. | ||
| 260 | _c1986 | ||
| 300 | _a32 unnumbered pages : | ||
| 300 | _bcolor illustrations ; | ||
| 300 | _c25 cm | ||
| 500 | _aOriginally published: New York : Dial Books for Young Readers, c1986. | ||
| 650 | _aAfrican Americans -- | ||
| 650 | _aFoxes -- | ||
| 650 | _aJuvenile literature -- | ||
| 650 | _xFiction. | ||
| 650 | _xFiction. | ||
| 650 | _xNew York (N.Y.) -- 1986. | ||
| 700 | _a610 | ||
| 999 |
_c299499 _d299499 |
||